| 000 | 00587nam a22001817a 4500 | ||
|---|---|---|---|
| 020 | _qHard Cover | ||
| 082 | _aBICSE-6 ABD | ||
| 100 | _aAbdul Waqeel : Farhan Khan and Waleed Rahim Khan. | ||
| 245 |
_aCZARR-The Network Utility / _cWaqeel, Abdul : Khan, Farhan and Khan, Waleed Rahim |
||
| 260 |
_aIslamabad: _bSEECS NUST, _c2012. |
||
| 300 |
_bill. ; _c30cm. |
||
| 563 | _aa | ||
| 650 | _aBICSE. | ||
| 700 |
_aDr. Fauzan Mirza _927044 |
||
| 856 | _uhttp://10.250.8.41:8080/xmlui/handle/123456789/10253 | ||
| 942 |
_2ddc _cTHE |
||
| 999 |
_c566082 _d566082 |
||